00345nam a2200133Ia 4500008004100000041000800041082001900049100002000068245004200088250001400130260002300144300003200167365001200199240624s9999 xx 000 0 und d aeng a658.402071 CLE aCLEGG STEWART R aSAGE HANDBOOK OF ORGANISATION STUDIES a(2nd ed.) c1996aLondonbSage axxii, : 895 : p. : cm. ; 26 cBPSb28